Saskatchewan Premiers - Statistics

General Stats
  • This quiz has been taken 25 times
    24 since last reset
  • The average score is 5 of 15
Answer Stats
Term Political Party Answer % Correct
2007 - Present Saskatchewan Party Brad Wall
94%
1944 - 1961 Co-operative Commonwealth Federation Tommy Douglas
71%
1926 - 1929 Progressive Conservative Party Grant Devine
59%
2001 - 2007 New Democratic Party Lorne Calvert
59%
1991 - 2001 New Democratic Party Roy Romanow
59%
1964 - 1971 Liberal Party Wilbert Ross Thatcher
35%
1905 - 1916 Liberal Party Thomas Walker Scott
29%
1971 - 1982 New Democratic Party Allan Blakeney
24%
1934 - 1935 Liberal Party James Garfield Gardiner
18%
1926 - 1929 Liberal Party James Garfield Gardiner
18%
1922 - 1926 Liberal Party Charles Avery Dunning
12%
1929 - 1934 Conservative Party James Thomas Milton Anderson
12%
1935 - 1944 Liberal Party William John Patterson
12%
1916 - 1922 Liberal Party William Melville Martin
6%
1961 - 1964 Co-operative Commonwealth Federation Woodrow Lloyd
6%
No matching quizzes found
Score Distribution
Percent of People with Each Score
Percentile by Number Answered
Your Score History
You have not taken this quiz since the last reset